000
00309nam a22001337a 4500
008
170731b xxu||||| |||| 00| 0 eng d
020
_a
3540553541
041
_a
eng
080
_a
004
100
_a
004
101
_a
32
245
_a
COMPUTER AIDED SYSTEMS THEORY- EUROCAST '91
_c
PICHLER,F
942
_2
udc
_c
BK
999
_c
22226
_d
22226